Library of the University of Algiers 3
Ibrahim Sultan Cheibout
شعار جامعة الجزائر 3
مكتبة جامعة الجزائر 3
إبراهيم سلطان شيبوط

كيف تصبح إنسانا وقياديا ناجحا وتكسب الثروة والأصدقاء والصحة؟ / (رقم التسجيلة. 42547)

تفاصيل مارك
000 -LEADER
fixed length control field 01394nam a2200253Ia 4500
003 - CONTROL NUMBER IDENTIFIER
control field Ost
005 - DATE AND TIME OF LATEST TRANSACTION
control field 20260507075044.0
008 - FIXED-LENGTH DATA ELEMENTS--GENERAL INFORMATION
fixed length control field 260507s9999||||xx |||||||||||||| ||und||
040 ## - CATALOGING SOURCE
Transcribing agency fsecg
041 ## - LANGUAGE CODE
Language code of text/sound track or separate title ara
082 ## - DEWEY DECIMAL CLASSIFICATION NUMBER
Classification number 350
100 ## - MAIN ENTRY--PERSONAL NAME
Personal name جراد، خليل إبراهيم
Relator term مؤلف
245 #0 - TITLE STATEMENT
Title كيف تصبح إنسانا وقياديا ناجحا وتكسب الثروة والأصدقاء والصحة؟ /
Statement of responsibility, etc. خليل إبراهيم جراد
250 ## - EDITION STATEMENT
Edition statement طبعة 2
260 ## - PUBLICATION, DISTRIBUTION, ETC.
Place of publication, distribution, etc. عمان:
Name of publisher, distributor, etc. مركز الكتاب الأكاديمي للنشر,
Date of publication, distribution, etc. 2001
300 ## - PHYSICAL DESCRIPTION
Extent 90 صفحة؛
Other physical details إيضاحات ؛
Dimensions 24 سم
504 ## - BIBLIOGRAPHY, ETC. NOTE
Bibliography, etc. note ببلوغرافيا ص.90
520 ## - SUMMARY, ETC.
Summary, etc. الانسان منذ طفولته حتى بلوغه والمراحل التي يمر بها، الإنسان الناجح والنموذج القيادي، المحافظة على الصحة وتحديد الأهداف، التخطيط السليم والدقة في الأداء،الصراحة والوضوح، الصدق والأمانة مع النفس، كيف تتعامل مع المجتمع ومع الناس، استغلال الوقت جيدا، الإيمان بالقناعة والقدر، القدرة على تحمل المسؤوليات
653 ## - INDEX TERM--UNCONTROLLED
Uncontrolled term الادارة العامة
653 ## - INDEX TERM--UNCONTROLLED
Uncontrolled term التخطيط
653 ## - INDEX TERM--UNCONTROLLED
Uncontrolled term القيادة
653 ## - INDEX TERM--UNCONTROLLED
Uncontrolled term المهارات
942 ## - ADDED ENTRY ELEMENTS (KOHA)
Koha item type كتب
المقتنيات
Withdrawn status Lost status Source of classification or shelving scheme Damaged status Not for loan Home library Current library Date acquired Serial enumeration / chronology Inventory number Total checkouts Full call number Barcode Date last seen Price effective from Koha item type
    Dewey Decimal Classification   NOT LOAN / إعارة داخلية مكتبة كلية العلوم الإقتصادية والعلوم التجارية وعلوم التسيير مكتبة كلية العلوم الإقتصادية والعلوم التجارية وعلوم التسيير 07/05/2026 الطابق الأرضي 399/1   أ/399ن1 399/1 07/05/2026 07/05/2026 كتب
    Dewey Decimal Classification   Available مكتبة كلية العلوم الإقتصادية والعلوم التجارية وعلوم التسيير مكتبة كلية العلوم الإقتصادية والعلوم التجارية وعلوم التسيير 07/05/2026 الطابق الأرضي 399/2   أ/399ن2 399/2 07/05/2026 07/05/2026 كتب
    Dewey Decimal Classification   Available مكتبة كلية العلوم الإقتصادية والعلوم التجارية وعلوم التسيير مكتبة كلية العلوم الإقتصادية والعلوم التجارية وعلوم التسيير 07/05/2026 الطابق الثاني 399/3   أ/399ن3 399/3 07/05/2026 07/05/2026 كتب

موارد الويب المفتوحة


© University of Algiers 3 All Rights Reserved
|
Implemented by LECHELAH Riad